All North American Pro Sports Teams on a map - Statistics

General Stats
  • This quiz has been taken 777 times
  • The average score is 93 of 123
Answers on the Map
Answers color-coded by a green-red scale on the quiz's map according to % correct below.
 
Answer Stats
Answer % Correct
Cincinnati Reds
89%
New York Jets
89%
Winnipeg Jets
89%
Los Angeles Lakers
87%
New York Giants
87%
San Francisco Giants
87%
Kansas City Chiefs
86%
Arizona Cardinals
85%
Boston Celtics
85%
Boston Red Sox
85%
Chicago White Sox
85%
Dallas Cowboys
85%
New England Patriots
85%
St. Louis Cardinals
85%
Utah Jazz
85%
Carolina Panthers
84%
Detroit Lions
84%
Florida Panthers
84%
Los Angeles Kings
84%
Sacramento Kings
84%
Seattle Seahawks
84%
Las Vegas Raiders
83%
Los Angeles Dodgers
83%
Miami Heat
83%
Chicago Bulls
82%
Green Bay Packers
82%
New York Knicks
82%
Pittsburgh Steelers
82%
Toronto Raptors
82%
Baltimore Ravens
81%
Brooklyn Nets
81%
Buffalo Bills
81%
Chicago Bears
81%
Houston Texans
81%
Los Angeles Rams
81%
Miami Dolphins
81%
San Antonio Spurs
81%
Texas Rangers
81%
Toronto Blue Jays
81%
Denver Broncos
80%
Jacksonville Jaguars
80%
New Orleans Saints
80%
New York Rangers
80%
Oklahoma City Thunder
80%
Philadelphia Eagles
80%
San Francisco 49ers
80%
Tampa Bay Buccaneers
80%
Atlanta Hawks
79%
Golden State Warriors
79%
Minnesota Vikings
79%
New York Yankees
79%
Philadelphia 76ers
79%
Atlanta Falcons
78%
Chicago Cubs
78%
Cincinnati Bengals
78%
Detroit Tigers
78%
Edmonton Oilers
78%
New York Mets
78%
Orlando Magic
78%
Washington Commanders
78%
Denver Nuggets
77%
Indianapolis Colts
77%
Milwaukee Bucks
77%
Phoenix Suns
77%
Portland Trail Blazers
77%
Tennessee Titans
77%
Cleveland Browns
76%
Dallas Mavericks
76%
Los Angeles Chargers
76%
New Orleans Pelicans
76%
Cleveland Cavaliers
75%
Detroit Pistons
75%
Indiana Pacers
75%
Washington Wizards
75%
Boston Bruins
74%
Charlotte Hornets
74%
Houston Astros
74%
Houston Rockets
74%
Los Angeles Clippers
74%
Memphis Grizzlies
74%
Minnesota Timberwolves
74%
Montreal Canadiens
74%
Pittsburgh Pirates
74%
Seattle Mariners
74%
Toronto Maple Leafs
74%
Pittsburgh Penguins
73%
San Diego Padres
73%
Vancouver Canucks
72%
Atlanta Braves
71%
Baltimore Orioles
71%
Los Angeles Angels
71%
Miami Marlins
71%
Ottawa Senators
71%
Cleveland Guardians
70%
Kansas City Royals
70%
Milwaukee Brewers
70%
Philadelphia Phillies
70%
Arizona Diamondbacks
69%
Minnesota Twins
68%
Anaheim Ducks
67%
Colorado Rockies
67%
New York Islanders
67%
Tampa Bay Rays
67%
Vegas Golden Knights
67%
Detroit Red Wings
66%
Seattle Kraken
66%
Washington Capitals
66%
Washington Nationals
66%
Calgary Flames
65%
Buffalo Sabres
64%
Colorado Avalanche
64%
Dallas Stars
64%
Philadelphia Flyers
64%
St. Louis Blues
64%
Carolina Hurricanes
63%
Chicago Blackhawks
63%
San Jose Sharks
63%
Tampa Bay Lightning
63%
Minnesota Wild
62%
Columbus Blue Jackets
59%
Nashville Predators
59%
New Jersey Devils
57%
Utah Mammoth
56%
No matching quizzes found
Score Distribution
Percent of People with Each Score
Percentile by Number Answered
Your Score History
You have not taken this quiz